000 00554cam a22001571 4500
001 000001316
005 20200929145535.0
008 870523s1949 sz b 000 0 fre
040 _aDO-SdBNP
_bspa
_cBNPHU
100 1 _aPerrenoud, Georges.
_94453
245 1 0 _aRegime des privileges et immunites des missions diplomatiques etrangeres et des organisations internationales en Suisse.
260 _aLausanne, :
_bF. Rouge,
_c1949.
300 _a253 p. ;
_c23 cm.
504 _aBibliography: p. 245-248.
650 0 _aDiplomatic privileges and immunities.
_94454
999 _c1252
_d1252